Recuperar la idea socialdemócrata /

Salvato in:
Dettagli Bibliografici
Autore principale: Meyer, Thomas
Natura: testo
Tags: Aggiungi Tag
Nessun Tag, puoi essere il primo ad aggiungerne!!

MARC

LEADER 00000 a a2200000 04500
001 47130
003
040
100 |a Meyer, Thomas  
245 |a Recuperar la idea socialdemócrata /  |c Thomas Meyer  
773 |g número247, (2013), páginas 90-95  
999 |c 31678  |d 31678